Kommunen im Osnabrücker Land - Statistiken

Allgemein
  • Dieses Quiz wurde 48 mal gespielt
  • Das Durchschnittsergebnis liegt bei 10 aus 21
Antwortstatistiken
Hint Antwort % Korrekt
9 Bramsche
74%
6 Bersenbrück
69%
21 Wallenhorst
66%
3 Bad Iburg
63%
12 Georgsmarienhütte
63%
17 Melle
63%
2 Bad Essen
60%
7 Bissendorf
54%
4 Bad Rothenfelde
49%
5 Belm
49%
8 Bohmte
40%
15 Hasbergen
40%
20 Ostercappeln
40%
11 Fürstenau
37%
13 Glandorf
34%
14 Hagen a.T.W.
34%
18 Neuenkirchen
31%
19 Osnabrück
31%
16 Hilter a.T.W.
23%
10 Dissen a.T.W.
20%
1 Artland
17%
Keine übereinstimmenden Quizze gefunden
Verteilung der Resultate
Anzahl Personen mit jedem Resultat
Perzentil nach korrekt beantworteten Fragen
Ihre Resultats-Entwicklung
Sie haben dieses Quiz noch nicht gespielt